Clearer view emerges on the rights of light (Record no. 80335)

MARC details
000 -LEADER
fixed length control field 01270cab a22002415a 4500
001 - CONTROL NUMBER
control field L144032
008 - FIXED-LENGTH DATA ELEMENTS--GENERAL INFORMATION
fixed length control field 080612e20080527xxk f v 000 0 eng d
035 ## - SYSTEM CONTROL NUMBER
System control number (Sirsi) u144032
041 0# - LANGUAGE CODE
Language code of text/sound track or separate title eng
100 1# - MAIN ENTRY--PERSONAL NAME
Personal name Foley, Tim
245 00 - TITLE STATEMENT
Title Clearer view emerges on the rights of light
260 ## - PUBLICATION, DISTRIBUTION, ETC.
Date of publication, distribution, etc. 2008
490 #0 - SERIES STATEMENT
Series statement Solicitors' Journal
Volume/sequential designation 152(21) 27 May 2008, 8-10(2)
520 ## - SUMMARY, ETC.
Summary, etc. Discusses light obstruction issues. Considers two appeal court decisions which have clarified the law and which have re-emphasised that construction can allow obstruction, so far as rights of light are concerned. RHJ Ltd v FT Patten (Holdings) Ltd and another (L143458) was an important case which concerned whether a clause in a lease excluding the acquiring of easements under the Prescription Act 1832 had to refer specifically to the right to light in order for that right to be deemed excluded. This decision drew heavily on Mitchell v Cantrill.
590 ## - LOCAL NOTE (RLIN)
Local note KA
650 24 - SUBJECT ADDED ENTRY--TOPICAL TERM
Topical term or geographic name entry element PRESCRIPTION ACT 1832 S3
650 24 - SUBJECT ADDED ENTRY--TOPICAL TERM
Topical term or geographic name entry element RHJ LTD V FT PATTEN (HOLDINGS) LTD AND ANOTHER
650 24 - SUBJECT ADDED ENTRY--TOPICAL TERM
Topical term or geographic name entry element MITCHELL V CANTRILL
651 #4 - SUBJECT ADDED ENTRY--GEOGRAPHIC NAME
Geographic name England and Wales
Chronological subdivision 1543-
690 ## - LOCAL SUBJECT ADDED ENTRY--TOPICAL TERM (OCLC, RLIN)
Topical term or geographic name as entry element PROPERTY-PROPERTY MANAGEMENT-EASEMENTS-RIGHTS TO LIGHT DETERMINATION-RIGHTS TO LIGHT
700 1# - ADDED ENTRY--PERSONAL NAME
Personal name Pulley, Simon
942 ## - ADDED ENTRY ELEMENTS (KOHA)
Suppress in OPAC 0

No items available.